000 00950nam a2200229 a 4500
001 47565
003 BD-RjUL
005 20211209054338.0
008 160809s1993 bg ||||| |||| 00| 0 ben d
035 _a(BD-RjUL)
040 _aBD-RjUL
_bben
_cBD-RjUL
_dBD-RjUL
041 _aben
082 _223
_a658.009
_bGEB 1993
100 _a জর্জ, ক্লড এস.
_9144579
245 1 0 _aব্যবস্হাপনা চিন্তাধারার ইতিহাস /
_cক্লড এস. জর্জ
260 _aঢাকা :
_bপেপার প্রসেসিং এন্ড প্যাকেজিং লিমিটেড,
_c১৯৯৩
300 _a৩০৮ পৃ. ;
_c২২ সেমি.
650 _aব্যবস্হাপনা
_xইতিহাস
_9144580
650 _aManagement
_xHistory
_9133584
700 _aরহমান, এম.শামসুর অনুবাদ
_9144581
942 _2ddc
_cBK
999 _c47565
_d47565